Bienvenue à la Médiathèque de Saint-Andiol
banniere
Accueil Recherche avancée Mon compte
handi1 Rechercher dans le catalogue

Filtre   Mots-clés
  Recherche avancée
 
Lister les dernières nouveautés
 
Lister les livres GROS CARACTERES
 
Lister les périodiques (magazines)

handi1 Exil

Book Cover
Auteur principal : Shannon Messenger
Autres auteurs : Mathilde Tamae-Bouhon
Titre : Exil
Support : Livres
Langue : Francais
Publié : 2017 Pocket jeunesse Paris
Series : Gardiens des cités perdues
Genre : Science fiction
Collection : Gardiens des cités perdues
Sujets :
Étiquettes :
Pas de tags
LEADER 01291nam0a2200241 450
001 16851155
010 |a 978-2-266-27023-6  |b br.  |d 7,95 € 
100 |a 20200611d2017 u u0frey01 ba 
101 1 |a fre  |c eng 
102 |a FR 
200 0 |a Exil  |f Shannon Messenger  |g traduit de l'anglais (Etats-Unis) par Mathilde Bouhon 
207 1 |a   
210 |a Paris  |c Pocket jeunesse  |d 2017 
215 |a 1 vol. (549 p.)  |d 18 cm 
225 1 |a Gardiens des cités perdues  |v J3047 
327 |a Best Seller 
330 |a Depuis qu'elle a quitté sa famille pour vivre parmi les elfes, Sophie attire tous les regards sur elle... et l'agitation soulevée par son enlèvement n'a rien arrangé ! La jeune Télépathe fait alors une découverte extraordinaire : elle tombe nez à nez avec une alicorne. La créature fabuleuse, symbole d'espoir pour tous les elfes, pourra-t-elle apaiser les esprits ? Rien n'est moins sûr. Car bientôt Sophie va devoir prendre un risque immense pour protéger l'un de ses proches d'une mort certaine... 
461 0 |t Gardiens des cités perdues  |v 2 
700 0 |a Messenger  |b Shannon  |4 70 
702 0 |a Tamae-Bouhon  |b Mathilde  |4 730 
900 |a Science fiction 
901 |a Adultes 
995 |a Médiathèque  |c Médiathèque  |f 089017418  |h 089017418  |k J MES 2 SF  |o p  |q a  |r az  |e Médiathèque